Comprehensive neurology / (Record no. 6687)

MARC details
000 -LEADER
fixed length control field 00877nam a22002652 4500
001 - CONTROL NUMBER
control field 0000004859
005 - DATE AND TIME OF LATEST TRANSACTION
control field 20151217151942.0
008 - FIXED-LENGTH DATA ELEMENTS--GENERAL INFORMATION
fixed length control field 070530s xx 000 0 eng d
020 ## - INTERNATIONAL STANDARD BOOK NUMBER
International Standard Book Number 0471169587 :
040 ## - CATALOGING SOURCE
Original cataloging agency KABU
Transcribing agency KABU
050 #0 - LIBRARY OF CONGRESS CALL NUMBER
Classification number R346
Item number .C66 1998
245 10 - TITLE STATEMENT
Title Comprehensive neurology /
Statement of responsibility, etc. edited by Roger N. Rosenberg, David E. Pleasure.
250 ## - EDITION STATEMENT
Edition statement 2nd ed.
260 ## - PUBLICATION, DISTRIBUTION, ETC. (IMPRINT)
Place of publication, distribution, etc. New York :
Name of publisher, distributor, etc. John Wiley & Sons,
Date of publication, distribution, etc. 1998.
300 ## - PHYSICAL DESCRIPTION
Extent xii, 948 p. :
Other physical details ill. ;
Dimensions 29 cm.
650 #0 - SUBJECT ADDED ENTRY--TOPICAL TERM
Topical term or geographic name as entry element Nervous system
General subdivision Diseases.
-- 0000155741
650 #0 - SUBJECT ADDED ENTRY--TOPICAL TERM
Topical term or geographic name as entry element Neurology.
-- 0000155742
700 1# - ADDED ENTRY--PERSONAL NAME
Personal name Rosenberg, Roger N.
-- 0000155743
700 1# - ADDED ENTRY--PERSONAL NAME
Personal name Pleasure, David E.
-- 0000155744
908 ## - PUT COMMAND PARAMETER (RLIN)
Put command parameter 070530
950 ## - LOCAL HOLDINGS (RLIN)
-- 1
Holdings
Withdrawn status Lost status Source of classification or shelving scheme Not for loan Home library Current library Date acquired Total Checkouts Full call number Barcode Date last seen Price effective from Koha item type
    Library of Congress Classification   Kabarak, Main Campus Kabarak, Main Campus 17/12/2015   R346 .C66 1998 006578 17/12/2015 17/12/2015 General Collection
    Library of Congress Classification   Kabarak, Main Campus Kabarak, Main Campus 17/12/2015   R346 .C66 1998 006579 17/12/2015 17/12/2015 General Collection
    Library of Congress Classification   Kabarak, Main Campus Kabarak, Main Campus 17/12/2015   R346 .C66 1998 006580 17/12/2015 17/12/2015 General Collection
Designed with assistance from East African Informatics Ltd